000 00317nam a22001217a 4500
008 180519b xxu||||| |||| 00| 0 eng d
041 _aeng
080 _a043.3
100 _a0
101 _aSHKI-MA
245 _aNdikimi i Rrjetave Brezgjera (Broadband) ne Zhvillimin Socio-Ekonomik
_cRadoniqi, Y.K
942 _2udc
_cBK
999 _c46031
_d46031